000 00803nam a2200205 a 4500
003 0
005 20250315103746.0
008 071127s19uu xx 00 eng d
050 _aPGS HG 179.S28
_b.M252 2007
100 _aMallari, Ysah.
245 _aRelationship between the amount of allowance and saving habits of middle school students /
_cYsah Mallari.
260 _aLas PiƱas City, Philippines :
_bSouthville International School and Colleges,
_c2007.
300 _a34 pages :
_billustrations ;
_c28 cm.
504 _aIncludes bibliographical references.
650 _aSaving and investment
_vJuvenile behavior.
650 _aAllowance (Pocket money)
_vEconomic aspects.
650 _aStudents
_vFinance, Personal.
650 _aMiddle school students
_vSpending habits.
942 _2lcc
_cPASS
999 _c97747
_d97747